Music Quiz

Random Music or Song Quiz

Good Golly, Miss Molly Clicky-Oke Quiz Stats

 Plays Quiz Updated May 9, 2020

Support Sporcle.
Go Orange.
Score 0/15 Timer 04:00
0 Plays Today
% Correct
Till the early, early night
76.6%
Can't hear your mama call
71.1%
Can't hear your mama call
67.7%
Good Golly Miss Molly, sure like to ball
65.4%
Rocking at the House of Blue Lights
60.5%
Can't hear your mama call
60.1%
Going to buy a diamond ring
54.7%
your mama call
49.4%
% Correct
Kiss me make me ting-a-ling-a-ling
45.6%
Good Golly Miss Molly, sure like to ball
40.5%
Good Golly Miss Molly, sure like to ball
30.5%
When you're rocking and rolling
27.4%
If I knew my momma, pappa
26.1%
When you're rocking and rolling
22.9%
Momma, pappa told me
17.5%

You're not logged in!

Compare scores with friends on all Sporcle quizzes.
OR
Log In

From the Vault

First Word Band Names

by lolshortee

Bands starting with 'The' not included.
Remove Ads.
Support Sporcle.
Get the best of Sporcle when you Go Orange. This ad-free experience offers more features, more stats, and more fun while also helping to support Sporcle. Thank you for becoming a member.

Show Comments

Extras

Top Quizzes Today


Score Distribution

Your Account Isn't Verified!

In order to create a playlist on Sporcle, you need to verify the email address you used during registration. Go to your Sporcle Settings to finish the process.

Report this User

Report this user for behavior that violates our Community Guidelines.

Details: